01351cam a22003974i 4500003000900000005001700009008004100026035002000067040003300087082001800120100004000138245012300178264000900301300002200310336002100332337002500353338002300378502005800401504002400459520030100483526001000784526001000794526000900804526000900813526000900822526000900831526000900840526000900849526000900858526000800867526000800875526000800883526000800891526000800899630004600907PE-LiUPU20250731165419.0151215s2001 pe grm 000 0 spa d a(Sirsi) a155516 aPE-LiUPUbspacPE-LiUPUerda04a224.5bS21 T31 aSanta Cruz Ruiz, José Luiseautor14aLas profecías de Daniel : Sus conexiones temáticas y sus derivaciones particulares /cJosé Luis Santa Cruz Ruiz. 02001. a130 hojas c30 cm atext2rdacontent aunmediated2rdamedia avolume2rdacarrier aTesisb(Mg.) -- cUniversidad Peruana Unión,d2001. aIncluye referencias3 aEn las profecias de Daniel, Dios se revela a si mismo y presenta una vislumbre de su soberania. Muestra que el controla la historia, los poderes, los tiempos y los resultados de las actividades humanas en el contexto del conflicto netre el bien y el mal, con quien Dios comparte su reino eterno. aSEG44 aSEG26 aP151 aP150 aP149 aP146 aP145 aP126 aP125 aP92 aP75 aP74 aP27 aP1504aBibliapA.T.pDanielxComentariosvTesis.